| 000 | 00374nam a2200145Ia 4500 | ||
|---|---|---|---|
| 008 | 230917s9999||||xx |||||||||||||| ||und|| | ||
| 040 |
_e75903 _aMAIN |
||
| 041 | _aEnglish | ||
| 082 | _a658.15 L579R | ||
| 100 | _aLevy, Haim, ed | ||
| 245 | 0 | _aResearch in finance: a reseach annual, vol. 3 | |
| 260 |
_aGreenwich _bJai Press _c1981 |
||
| 300 | _avii, 177 p. | ||
| 942 | _cBK | ||
| 999 |
_c226980 _d226980 |
||